SEV: kapital'nyje vloženija - perspektivnaja sfera sotrudničestva

Guardado en:
Detalles Bibliográficos
Autor principal: Abramov, Leonid Grigor'jevič
Formato: Libro
Lenguaje:ruso
Publicado: Moskva Nauka 1987
Edición:1. izd.
Etiquetas: Agregar Etiqueta
Sin Etiquetas, Sea el primero en etiquetar este registro!

MARC

LEADER 00000nam a2200000 4500
001 c028217
005 20230220080254.2
041 0 |a rus 
044 |a RU 
245 1 0 |a SEV: kapital'nyje vloženija - perspektivnaja sfera sotrudničestva  |c Leonid Grigor'jevič Abramov 
250 |a 1. izd. 
264 1 |a Moskva  |b Nauka  |c 1987 
300 |a 127 s. 
100 1 |a Abramov, Leonid Grigor'jevič